Efektívna implementácia a využitie projektových štandardov

Využitie štandardizovaných postupov projektového riadenia a identifikácia problémov. Projektová metodika a pravidlá, ktoré uľahčia spôsob riadenia projektu. Úprava projektovej metodiky a ukončenie projektu.

Gespeichert in:
Bibliographische Detailangaben
1. Verfasser: Ďurik, Martin
Format: Buchkapitel
Sprache:Slowakisch
Schlagworte:
Tags: Tag hinzufügen
Keine Tags, Fügen Sie das erste Tag hinzu!

MARC

LEADER 00000naa$a2200000$$$4500
001 0147738
005 20240502072651.3
041 0 |a slo 
044 |a SK 
245 1 0 |a Efektívna implementácia a využitie projektových štandardov  |c Martin Ďurik 
520 |a Využitie štandardizovaných postupov projektového riadenia a identifikácia problémov. Projektová metodika a pravidlá, ktoré uľahčia spôsob riadenia projektu. Úprava projektovej metodiky a ukončenie projektu. 
610 2 0 |a manažment 
610 2 0 |a riadenie projektové 
610 2 0 |a tímy pracovné 
610 2 0 |a komunikácia manažérska 
610 2 0 |a projekty 
610 2 0 |a metódy riadenia 
610 2 0 |a metodológia 
100 1 |a Ďurik, Martin